00873nam a2200253 i 450000100060000000300090000600500170001500700030003200800410003502000180007608000130009408000130010708000130012010000340013324501050016726000310027230000220030365000490032565000430037470000300041785200330044799900170048095201220049712076ES-MaACL20250828062132.0t|970404s1989 sp ||||1| spa d a84-86168-46-5 a37.015.4 a37:338.1 a338.1:371 aEscotet, Miguel Angel.94762110aEducación y desarrollo desde la perspectiva sociológica / cMiguel A. Escotet, Orlando Albornoz. aSalamanca : bUIP, c1989. a412 p. ; c24 cm.17aSociología de la educación2embne91720617aEducación y desarrollo2embne9121241 aAlbornoz, Orlando.919414 aES-MaACLjL-19451 bR.117480 c12076d12076 00104070aATENEOMbATENEOMcDEPO2d2008-01-17eSCl0oL-19451p1012305r2023-02-23 00:00:00w2023-02-23yMONOGRAFIA